Library Logo

Pioneer International University Library Catalogue

Laos : (Record no. 4923)

MARC details
000 -LEADER
fixed length control field 00796pam a2200193 a 4500
005 - DATE AND TIME OF LATEST TRANSACTION
control field 20250901165510.0
008 - FIXED-LENGTH DATA ELEMENTS--GENERAL INFORMATION
fixed length control field 950411s1995 dcuab b f001 0 eng
010 ## - LIBRARY OF CONGRESS CONTROL NUMBER
LC control number 95017235
020 ## - INTERNATIONAL STANDARD BOOK NUMBER
International Standard Book Number 0844408328 (alk. paper)
050 00 - LIBRARY OF CONGRESS CALL NUMBER
Classification number DS 555.3 .L34 1995
Item number .L34 1995
082 00 - DEWEY DECIMAL CLASSIFICATION NUMBER
Classification number 959.404
Edition information 20
245 00 - TITLE STATEMENT
Title Laos :
Remainder of title a country study /
Statement of responsibility, etc. Federal Research Division, Library of Congress ; edited by Andrea Matles Savada.
250 ## - EDITION STATEMENT
Edition statement 3rd ed.
260 ## - PUBLICATION, DISTRIBUTION, ETC.
Place of publication, distribution, etc. Washington, DC :
Name of publisher, distributor, etc. Federal Research Division, Library of Congress :
-- For sale by the Supt. of Docs., U.S. G.P.O.,
Date of publication, distribution, etc. 1995.
300 ## - PHYSICAL DESCRIPTION
Extent xliii, 366 p. :
Other physical details ill., maps ;
Dimensions 24 cm.
500 ## - GENERAL NOTE
General note "Research completed July 1994."
500 ## - GENERAL NOTE
General note Supersedes the 1971 ed. of Area handbook for Laos, coauthored by Donald P. Whitaker and others.
942 ## - ADDED ENTRY ELEMENTS (KOHA)
Source of classification or shelving scheme Dewey Decimal Classification
Holdings
Withdrawn status Lost status Source of classification or shelving scheme Damaged status Not for loan Home library Current library Shelving location Date acquired Total checkouts Full call number Barcode Date last seen Price effective from Koha item type
    Library of Congress Classification     Main Library Main Library   05/13/2021   DS 555.3 .L34 1995 PIU0007299 05/13/2021 05/13/2021 Books
    Library of Congress Classification     Main Library Main Library   05/13/2021   DS 555.3 .L34 1995 PIU0007313 05/13/2021 05/13/2021 Books